| Поле | Название | Значение |
| |
Тип записи |
a |
| |
Библиографический уровень |
m |
| 001 |
Контрольный номер |
RU\infra-m\znanium\bibl\2204529 |
| 005 |
Дата корректировки |
20260429142118.3 |
| 008 |
Кодируемые данные |
250403s2025 RU g rus u |
| 020 |
Индекс ISBN |
__ |
| a |
ISBN |
978-5-9275-4817-0 |
| 040 |
Источник каталогиз. |
__ |
| a |
Служба первич. каталог. |
Общество с ограниченной ответственностью «ЗНАНИУМ» |
| 041 |
Код языка издания |
__ |
| a |
Код языка текста |
rus |
| 044 |
Код страны публикации |
__ |
| a |
Код страны публикации |
RU |
| 080 |
Индекс УДК |
__ |
| a |
Индекс УДК |
355 |
| 084 |
Индекс другой классификации/Индекс ББК |
__ |
| 2 |
Источник индекса |
rubbk |
| a |
Индекс другой классификации/Индекс ББК |
684 |
| 084 |
Индекс другой классификации/Индекс ББК |
__ |
| 2 |
Источник индекса |
okso |
| a |
Индекс другой классификации/Индекс ББК |
56.05.03 |
| 100 |
Автор |
__ |
| a |
Автор |
Борисов А.Г. |
| q |
Полное имя |
Борисов Алексей Геннадьевич |
| u |
Дополнение |
Южный федеральный университет |
| 245 |
Заглавие |
__ |
| a |
Заглавие |
Тактическая подготовка |
| b |
Продолж. заглавия |
Учебное пособие |
| c |
Ответственность |
Южный федеральный университет |
| 250 |
Сведения об издании |
__ |
| a |
Основные сведения об издании |
2 |
| 260 |
Выходные данные |
__ |
| a |
Место издания |
Ростов-на-Дону |
| b |
Издательство |
Издательство Южного федерального университета (ЮФУ) |
| c |
Дата издания |
2025 |
| 300 |
Физическое описание |
__ |
| a |
Объем |
126 с. |
| 520 |
Аннотация |
__ |
| a |
Аннотация |
Учебное пособие предназначено для теоретической подготовки студентов по учебной дисциплине «Тактическая подготовка» и учебному модулю «Тактическая и тактико-специальная подготовка». В пособии на основе положений научных теорий системного анализа управления войсками выработки и принятия решений раскрыты содержание лекций по актуальным темам учебной дисциплины «Тактическая подготовка» и учебного модуля «Тактическая и тактико-специальная подготовка». Предназначено для студентов военного учебного центра обучающихся по программам военной подготовки офицеров сержантов и солдат запаса. Оно может быть использовано преподавателями военного учебного центра при подготовке к проведению занятий и проведении занятий по учебной дисциплине «Тактическая подготовка» учебному модулю «Тактическая и тактико-специальная подготовка» а также в системе профессионально-должностной подготовки. Публикуется в авторской редакции. |
| 521 |
Примеч. о цел. назн. |
__ |
| a |
Примеч. о целев. назн. |
ВО - Специалитет |
| 650 |
Тематические рубрики |
__ |
| a |
Основная рубрика |
Военное дело. Оружие. Спецслужбы |
| x |
Основная подрубрика |
Военные науки |
| 655 |
Указ. предметных рубрик (устаревшее) |
__ |
| a |
Жанр/ форма (устаревшее) |
Учебное пособие |
| 856 |
Электронный адрес документа |
4_ |
| a |
Имя сервера/домена |
znanium.ru |
| m |
Помощь |
ebs_support@infra-m.ru |
| n |
Местонахождение сервера |
НИЦ ИНФРА-М |
| u |
URL |
https://znanium.ru/catalog/document?id=462808 |
| 856 |
Электронный адрес документа |
48 |
| a |
Имя сервера/домена |
znanium.ru |
| d |
Путь |
/cover/2204 |
| f |
Электронное имя |
2204529.jpg |
| q |
Тип электронного формата |
image/jpeg |
| u |
URL |
https://znanium.ru/cover/2204/2204529.jpg |
| 911 |
|
__ |
| u |
|
0030=https://znanium.ru/catalog/document?id=462808 |